[Event "ESP-ch U10"]
[Site "Salobrena"]
[Date "2022.07.08"]
[Round "7"]
[White "Rodriguez Marti, Pau"]
[Black "Jaglinski, Aleksander"]
[Result "1/2-1/2"]
[WhiteElo "1079"]
[BlackElo "1249"]
[PlyCount "87"]
[EventDate "2022.07.04"]
[EventType "swiss"]
[EventRounds "9"]
[EventCountry "ESP"]
[SourceTitle "EXT 2023"]
[Source "ChessBase"]
[SourceDate "2022.10.05"]
[SourceVersion "1"]
[SourceVersionDate "2022.10.05"]
[SourceQuality "1"]

1. e4 e5 2. Nf3 Nc6 3. Bb5 f5 4. d3 fxe4 5. dxe4 Bc5 6. 0-0 d6 7. Bg5 Nf6 8. Nc3 h6 9. Bh4 g5 10. Bg3 Bg4 11. Be2 a6 12. Nd2 Bxe2 13. Qxe2 Nd4 14. Qd1 Qd7 15. Nd5 Nxd5 16. exd5 0-0-0 17. c3 Nf5 18. Kh1 Rdf8 19. b4 Ba7 20. a4 Rf6 21. Ne4 Nxg3+ 22. hxg3 Rf7 23. Qe2 Qf5 24. b5 a5 25. Rab1 Bb6 26. c4 h5 27. Rbc1 h4 28. g4 Qf4 29. c5 Bxc5 30. Nxc5 dxc5 31. Rxc5 b6 32. Rc4 Qf6 33. f3 Rd8 34. Rc6 Rd6 35. Rfc1 Rfd7 36. Qc2 Rxc6 37. dxc6 Rd4 38. Rd1 h3 39. Qb3 hxg2+ 40. Kxg2 Rxd1 41. Qxd1 Qd8 42. Qc2 Qe7 43. Qf5+ Kd8 44. Qg6 1/2-1/2

[Event "ESP-ch U10"]
[Site "Salobrena"]
[Date "2022.07.05"]
[Round "3"]
[White "Perez Llaurado, Adria"]
[Black "Rodriguez Marti, Pau"]
[Result "1/2-1/2"]
[WhiteElo "1349"]
[BlackElo "1079"]
[PlyCount "54"]
[EventDate "2022.07.04"]
[EventType "swiss"]
[EventRounds "9"]
[EventCountry "ESP"]
[SourceTitle "EXT 2023"]
[Source "ChessBase"]
[SourceDate "2022.10.05"]
[SourceVersion "1"]
[SourceVersionDate "2022.10.05"]
[SourceQuality "1"]

1. e4 c5 2. Nf3 d6 3. d4 cxd4 4. Nxd4 Nf6 5. Nc3 a6 6. f3 e5 7. Nb3 Be7 8. Be3 0-0 9. Qd2 Be6 10. Be2 Qc7 11. Nd5 Bxd5 12. exd5 Nbd7 13. 0-0 Rac8 14. c3 Nb6 15. Bxb6 Qxb6+ 16. Kh1 Nd7 17. Bd3 Nc5 18. Nxc5 Qxc5 19. Rad1 h6 20. Qe2 Bg5 21. Qe4 f5 22. Qe2 Rce8 23. Qc2 Qb6 24. Bxf5 Qc5 25. Bd3 Qb6 26. Bf5 Qc5 27. Bd3 Qb6 1/2-1/2